Environmentálna značka ako nástroj environmentálneho manažérstva
Pojem a právna úprava environmentálnych značiek. Typy environmentálneho označovania podľa radu ISO 14000. Národná environmentálna značka - environmentálne vhodný výrobok. Environmentálna značka Európskeho spoločenstva: "Európsky kvet". Ciele a perspektívy environmentálneho správania.
Saved in:
| Main Author: | |
|---|---|
| Format: | Book Chapter |
| Language: | Slovak |
| Subjects: | |
| Tags: |
No Tags, Be the first to tag this record!
|
MARC
| LEADER | 00000naa a2200000 4500 | ||
|---|---|---|---|
| 001 | 0160579 | ||
| 005 | 20240502072802.7 | ||
| 041 | 0 | |a slo | |
| 044 | |a SK | ||
| 245 | 1 | 0 | |a Environmentálna značka ako nástroj environmentálneho manažérstva |c Daniela Urblíková |
| 520 | |a Pojem a právna úprava environmentálnych značiek. Typy environmentálneho označovania podľa radu ISO 14000. Národná environmentálna značka - environmentálne vhodný výrobok. Environmentálna značka Európskeho spoločenstva: "Európsky kvet". Ciele a perspektívy environmentálneho správania. | ||
| 610 | 2 | 0 | |a značky environmentálne |
| 610 | 2 | 0 | |a manažment environmentálny |
| 610 | 2 | 0 | |a ochrana prostredia životného |
| 610 | 2 | 0 | |a normy ISO |
| 610 | 2 | 0 | |a Európske spoločenstvá |
| 610 | 2 | 0 | |a legislatíva |
| 100 | 1 | |a Urblíková, Daniela | |